Výskum udržateľných foriem rozvoja podnikovej reputácie dizertačná práca

Guardado en:
Detalles Bibliográficos
Autor principal: Világi, Róbert, 1985-
Autor Corporativo: Fakulta podnikového manažmentu EU. Katedra podnikových financií
Otros Autores: Pollák, František, 1985-
Formato: Libro
Lenguaje:eslovaco
Publicado: Bratislava 2023
Materias:
Etiquetas: Agregar Etiqueta
Sin Etiquetas, Sea el primero en etiquetar este registro!

MARC

LEADER 00000nbm a2200000 4500
001 0297774
005 20240105123211.2
041 0 |a slo 
044 |a SK 
245 1 0 |a Výskum udržateľných foriem rozvoja podnikovej reputácie  |b dizertačná práca  |c Róbert Világi ; školiteľ: František Pollák 
264 1 |a Bratislava  |c 2023 
300 |a 118 s. 
610 2 0 |a reputácia podniku 
610 2 0 |a online reputačný manažment 
610 2 0 |a digitalizácia 
610 2 0 |a koronavírus 
610 2 0 |a rozvoj trvalo udržateľný 
100 1 |a Világi, Róbert, 1985- 
700 1 |a Pollák, František, 1985- 
710 2 |a Fakulta podnikového manažmentu EU. Katedra podnikových financií